000 00676nam a2200241Ia 4500
003 OSt
005 20220924131952.0
006 a|||||r|||| 00| 0
007 ta
008 220923b |||||||| |||| 00| 0 tel d
024 _a347643
037 _cTextual
040 _aARTS
_cARTS
_btel
041 _2tel
_atel
082 _aO35,3NKR1,1, K3
100 _aM.V.R. Krishna Sharma Au.
_9203409
245 0 _aBhasanataka Kathalu
260 _aVijayawada
_bSri Sarada Grantha Mala India
_c1963
300 _a64p.
_ccm.
650 _aTELUGU LITERATURE
942 _hO35,3NKR1,1, K3
_cTEXL
_2CC
999 _c428808
_d428808